Convención colectiva de trabajo 1987 /
Documento que recoge los acuerdos entre el Sindicato de Empleados y la administración de la Universidad de Costa Rica respecto a las condiciones laborales y de contratación y despido de los trabajadores. Reglamenta las relaciones laborales entre ambas partes: empleadores y empleados, fundamentalment...
Guardado en:
| Autores Corporativos: | , |
|---|---|
| Format: | Texto |
| Udgivet: |
San Pedro de M. de O.:
UCR. Oficina de Publicaciones
|
| Fag: | |
| Tags: |
Tilføj Tag
Ingen Tags, Vær først til at tagge denne postø!
|
MARC
| LEADER | 00000 a a2200000 04500 | ||
|---|---|---|---|
| 001 | 13012 | ||
| 003 | |||
| 040 | |a CRAI/IIS |c CRAI/IIS | ||
| 090 | |a 016800 | ||
| 110 | |a Sindicato de Empleados de la Universidad de Costa Rica | ||
| 245 | |a Convención colectiva de trabajo 1987 / |c Sindicato de Empleados de la Universidad de Costa Rica | ||
| 260 | |a San Pedro de M. de O.: |b UCR. Oficina de Publicaciones | ||
| 300 | |a 65 p. | ||
| 520 | |a Documento que recoge los acuerdos entre el Sindicato de Empleados y la administración de la Universidad de Costa Rica respecto a las condiciones laborales y de contratación y despido de los trabajadores. Reglamenta las relaciones laborales entre ambas partes: empleadores y empleados, fundamentalmente administrativos, así como los principios o reglas que rigen la actividad gremial del sindicato. HMB/mb | ||
| 650 | |a SINDICATO DE EMPLEADOS DE LA UNIVERSIDAD DE COSTA RICA | ||
| 650 | |a CONVENIOS COLECTIVOS | ||
| 650 | |a TRABAJADORES | ||
| 650 | |a LEGISLACION DEL TRABAJO | ||
| 650 | |a SEGURIDAD LABORAL | ||
| 650 | |a ESTABILIDAD LABORAL | ||
| 650 | |a SINDICALISMO | ||
| 650 | |a CONDICIONES DE TRABAJO | ||
| 650 | |a POLITICA SALARIAL | ||
| 650 | |a DIAS FERIADOS | ||
| 650 | |a SERVICIOS DE SALUD | ||
| 650 | |a ORDENA | ||
| 710 | |a Universidad de Costa Rica | ||
| 999 | |c 17003 |d 17003 | ||
